[Event "246th Championchallenge"]
[Site "playchess.com "]
[Date "2008.04.12"]
[Round "1.2"]
[White "Mosnegutu, Mariana"]
[Black "Kononenko, Dmitry"]
[Result "0-1"]
[WhiteElo "2229"]
[BlackElo "2560"]
[PlyCount "114"]
[EventDate "2008.04.12"]
[EventType "k.o. (blitz)"]
[EventCountry "GER"]

1. d4 Nf6 2. c4 c5 3. d5 e6 4. Nc3 exd5 5. cxd5 Bd6 6. e4 Bc7 7. f4 d6 8. Nf3
O-O 9. Be2 a6 10. a4 Bg4 11. O-O Nbd7 12. h3 Bxf3 13. Bxf3 Rb8 14. Qd3 Re8 15.
Be3 Ba5 16. Bf2 Qc7 17. Rfe1 c4 18. Qc2 b5 19. axb5 axb5 20. Re2 b4 21. Nd1 b3
22. Qc1 Bb6 23. Bxb6 Qxb6+ 24. Kh1 Rbc8 25. Nc3 Nc5 26. Na4 Nxa4 27. Rxa4 Qb5
28. Qa1 Nd7 29. Ra5 Qb8 30. Bg4 Rc7 31. Bxd7 Rxd7 32. e5 dxe5 33. fxe5 h6 34.
Qa4 Rdd8 35. Qxc4 Rxe5 36. Rxe5 Qxe5 37. Qc1 Rxd5 38. Ra8+ Kh7 39. Qb1+ g6 40.
Ra7 Qf6 41. Rc7 Rd2 42. Rc3 Qf2 43. Qe4 Rd4 44. Qb7 Rd1+ 45. Kh2 Qg1+ 46. Kg3
Qe1+ 47. Kh2 Qe5+ 48. Rg3 Kg7 49. Qxb3 Re1 50. Qc3 Qxc3 51. bxc3 Rc1 52. Rd3 h5
53. Kg3 Rc2 54. Kf3 h4 55. g3 hxg3 56. Kxg3 f5 57. h4 Kh6 0-1

[Event "246th Championchallenge"]
[Site "playchess.com "]
[Date "2008.04.12"]
[Round "1.2"]
[White "Feoktistov, Alexey A"]
[Black "Plaskett, Jim"]
[Result "1/2-1/2"]
[WhiteElo "2535"]
[BlackElo "2500"]
[PlyCount "61"]
[EventDate "2008.04.12"]
[EventType "k.o. (blitz)"]
[EventCountry "GER"]

1. e4 c5 2. c3 e6 3. d4 d5 4. e5 Ne7 5. Nf3 Nf5 6. Bd3 Nc6 7. Bxf5 exf5 8. O-O
Be6 9. Ng5 cxd4 10. cxd4 Qb6 11. Nf3 h6 12. h4 Be7 13. Nc3 g5 14. hxg5 hxg5 15.
Bxg5 Nxd4 16. Nxd4 Bxg5 17. Qa4+ Kf8 18. Rad1 Rc8 19. Ncb5 Rc4 20. Qxa7 Qxa7
21. Nxa7 Bf4 22. Nf3 d4 23. b3 Rb4 24. a3 Rxb3 25. Rxd4 Rxf3 26. gxf3 Rg8+ 27.
Kh1 Rh8+ 28. Kg2 Rg8+ 29. Kh1 Rh8+ 30. Kg2 Rg8+ 31. Kh1 1/2-1/2

[Event "246th Championchallenge"]
[Site "playchess.com "]
[Date "2008.04.12"]
[Round "1.2"]
[White "Gatterer, Florian"]
[Black "Amin, Bassem"]
[Result "0-1"]
[WhiteElo "2421"]
[BlackElo "2550"]
[PlyCount "92"]
[EventDate "2008.04.12"]
[EventType "k.o. (blitz)"]
[EventCountry "GER"]

1. d4 f5 2. g3 e6 3. Bg2 Nf6 4. c4 Be7 5. Nf3 O-O 6. O-O d6 7. Nc3 Qe8 8. Re1
Ne4 9. Nxe4 fxe4 10. Nd2 d5 11. f3 Bf6 12. e3 exf3 13. Bxf3 c6 14. b3 a5 15.
Bb2 Na6 16. e4 Qd8 17. e5 Bg5 18. Bc3 Bxd2 19. Bxd2 dxc4 20. Be3 cxb3 21. a3 a4
22. Be4 Qe8 23. Qg4 Nc7 24. Rf1 Rxf1+ 25. Rxf1 Nd5 26. Qh3 g6 27. Bxd5 exd5 28.
Qg2 Bf5 29. Bh6 Qe7 30. g4 Be4 31. Qf2 Bd3 32. Rd1 Bc4 33. h4 Re8 34. Rd2 Qxa3
35. Kh2 Qe7 36. Kh3 a3 37. Bg5 Qe6 38. Kg3 b2 39. Qe1 Ba2 40. Rf2 b1=Q 41. Qa5
Qg1+ 42. Rg2 Qxd4 43. Kh2 Qexe5+ 44. Rg3 Qf2+ 45. Kh1 Qexg3 46. Qc7 Re1# 0-1

[Event "246th Championchallenge"]
[Site "playchess.com "]
[Date "2008.04.12"]
[Round "1.3"]
[White "Deutsch, Eyal"]
[Black "Limberg, Martin"]
[Result "1-0"]
[WhiteElo "2380"]
[BlackElo "2386"]
[PlyCount "95"]
[EventDate "2008.04.12"]
[EventType "k.o. (blitz)"]
[EventCountry "GER"]

1. d4 d5 2. Nf3 c6 3. e3 Nf6 4. c4 Bf5 5. Nc3 e6 6. Nh4 Bg6 7. g3 Be7 8. Nxg6
hxg6 9. Qe2 a5 10. Bg2 Na6 11. O-O O-O 12. a3 Qb6 13. Rd1 Rfe8 14. Rb1 Rac8 15.
f4 Qd8 16. c5 Nb8 17. b4 axb4 18. axb4 Nh7 19. b5 g5 20. Kh1 gxf4 21. gxf4 f6
22. Bh3 Bf8 23. Rg1 Nd7 24. Qh5 Qe7 25. Bd2 Red8 26. Rg2 e5 27. fxe5 fxe5 28.
Rbg1 Nhf6 29. Qg6 exd4 30. exd4 Qf7 31. Qf5 Ne4 32. Nxe4 dxe4 33. Qxe4 Nf6 34.
Qe2 Re8 35. Qf3 Rcd8 36. bxc6 bxc6 37. Bg5 Kh8 38. Qxc6 Rxd4 39. Bxf6 gxf6 40.
Bf5 Re5 41. Bg6 Qd5 42. Qxf6+ Bg7 43. Qb6 Bf8 44. c6 Re2 45. Bf7 Qxf7 46. Qxd4+
Bg7 47. Qh4+ Kg8 48. Rxe2 1-0

[Event "246th Championchallenge"]
[Site "playchess.com "]
[Date "2008.04.12"]
[Round "1.4"]
[White "Van Cappellen, Jonas"]
[Black "Sumets, Andrey"]
[Result "1-0"]
[WhiteElo "2351"]
[BlackElo "2604"]
[PlyCount "75"]
[EventDate "2008.04.12"]
[EventType "k.o. (blitz)"]
[EventCountry "GER"]

1. d4 d5 2. Bf4 Nf6 3. e3 e6 4. c3 Bd6 5. Bxd6 cxd6 6. Nd2 O-O 7. Bd3 Nc6 8.
Ngf3 e5 9. dxe5 dxe5 10. Bc2 Bg4 11. h3 Bh5 12. e4 d4 13. O-O dxc3 14. bxc3 Qe7
15. Qe2 Rfd8 16. Rfd1 Qc5 17. g4 Qxc3 18. Rac1 Bg6 19. Bb3 Qb4 20. Nc4 Nxe4 21.
Ncxe5 Nxe5 22. Nxe5 Nc3 23. Rxd8+ Rxd8 24. Qf3 Ne4 25. Nxg6 hxg6 26. Qxf7+ Kh7
27. Rc7 Qd4 28. Rxb7 Nd6 29. Qe7 g5 30. Qxd8 Qa1+ 31. Kg2 Nxb7 32. Qg8+ Kh6 33.
Qh8+ Kg6 34. Qe8+ Kf6 35. Qf7+ Ke5 36. Qxb7 Qc1 37. Qd5+ Kf6 38. Qe6# 1-0

[Event "246th Championchallenge"]
[Site "playchess.com "]
[Date "2008.04.12"]
[Round "1.3"]
[White "Plaskett, Jim"]
[Black "Feoktistov, Alexey A"]
[Result "0-1"]
[WhiteElo "2500"]
[BlackElo "2540"]
[PlyCount "94"]
[EventDate "2008.04.12"]
[EventType "k.o. (blitz)"]
[EventCountry "GER"]

1. e4 e5 2. Nf3 Nc6 3. Bb5 Nd4 4. Nxd4 exd4 5. O-O Bc5 6. d3 c6 7. Bc4 d5 8.
exd5 cxd5 9. Bb3 Ne7 10. Qh5 O-O 11. Nd2 a5 12. a4 Ra6 13. Nf3 Rg6 14. Ne5 Re6
15. Bf4 Bd6 16. Bg3 Bxe5 17. Bxe5 g6 18. Qg5 f6 19. Bxf6 Rexf6 20. Rae1 Kg7 21.
Qe5 Nc6 22. Qxd5 Qxd5 23. Bxd5 Rd6 24. Bc4 Kf6 25. Re2 Be6 26. Bb5 Bd5 27. Rfe1
Re6 28. f3 Rfe8 29. Kf2 Rxe2+ 30. Rxe2 Rxe2+ 31. Kxe2 Ke5 32. Kd2 g5 33. c3 h5
34. Ke2 h4 35. g3 h3 36. Kf2 Kd6 37. g4 Ne5 38. Kg3 Nxf3 39. c4 Nxh2 40. Kxh2
Bf3 41. Kxh3 Kc5 42. Kg3 Be2 43. Be8 Bxd3 44. Kf3 Bxc4 45. Ke4 Be6 46. Bb5 Bxg4
47. Ke5 Bd1 0-1

[Event "246th Championchallenge"]
[Site "playchess.com "]
[Date "2008.04.12"]
[Round "1.2"]
[White "Raznikov, Danny"]
[Black "Trushelyov, Victor"]
[Result "0-1"]
[WhiteElo "2450"]
[BlackElo "2396"]
[PlyCount "96"]
[EventDate "2008.04.12"]
[EventType "k.o. (blitz)"]
[EventCountry "GER"]

1. d4 Nf6 2. c4 e6 3. Nf3 b6 4. g3 Ba6 5. b3 Bb4+ 6. Bd2 Be7 7. Bg2 c6 8. Bc3
d5 9. Ne5 Nfd7 10. Nxd7 Nxd7 11. Nd2 O-O 12. O-O Rc8 13. e4 b5 14. exd5 cxd5
15. c5 b4 16. Bxb4 Bxf1 17. Bxf1 e5 18. Ba3 Qa5 19. Qc1 exd4 20. b4 Qc7 21. Bb2
Bf6 22. Nb3 Ne5 23. Nxd4 Nc6 24. Qd2 Ne5 25. Qc2 Qd7 26. Rd1 Rfd8 27. Ba1 a5
28. b5 h5 29. c6 Qc7 30. a4 h4 31. Bg2 hxg3 32. hxg3 g6 33. Qc5 Be7 34. Qc3 Bb4
35. Qe3 Re8 36. Qf4 Bd6 37. Qc1 Rcd8 38. Bc3 Bf8 39. Qb1 Qb6 40. Qa1 Bg7 41.
Re1 Ng4 42. Rxe8+ Rxe8 43. Bxd5 Rd8 44. Bxf7+ Kxf7 45. Qa2+ Kf6 46. Qe6+ Kg5
47. Nf3+ Kh5 48. Ne5 Qxf2+ 0-1

[Event "246th Championchallenge"]
[Site "playchess.com "]
[Date "2008.04.12"]
[Round "2.1"]
[White "Deutsch, Eyal"]
[Black "Feoktistov, Alexey A"]
[Result "1-0"]
[WhiteElo "2380"]
[BlackElo "2424"]
[PlyCount "87"]
[EventDate "2008.04.12"]
[EventType "k.o. (blitz)"]
[EventCountry "GER"]

1. d4 d5 2. c4 dxc4 3. e3 Nf6 4. Bxc4 a6 5. Qb3 e6 6. Nc3 c5 7. dxc5 Bxc5 8.
Bd2 O-O 9. Rd1 Qc7 10. Be2 e5 11. Nf3 Be6 12. Bc4 Bg4 13. Nd5 Nxd5 14. Bxd5 Nc6
15. O-O Rad8 16. Bc3 Bxf3 17. Bxf3 Rfe8 18. Rd5 Rxd5 19. Bxd5 Kf8 20. Rd1 f6
21. Qc4 Ne7 22. Bf3 b5 23. Qe6 Qb6 24. Qh3 g6 25. Qxh7 b4 26. Be1 Qe6 27. b3 a5
28. Be2 Qg8 29. Qh4 Kg7 30. Bc4 Qh8 31. Qe4 Qh5 32. Rc1 Rh8 33. h3 Qf5 34. Qb7
e4 35. Qb5 Rxh3 36. gxh3 Qxh3 37. Qxc5 Qg4+ 38. Kf1 Qh3+ 39. Ke2 Qg4+ 40. Kd2
Nf5 41. Be6 Qf3 42. Bxf5 gxf5 43. Qc7+ Kg6 44. Qg3+ 1-0

[Event "246th Championchallenge"]
[Site "playchess.com "]
[Date "2008.04.12"]
[Round "2.1"]
[White "Milanovic, Danilo"]
[Black "Vovk, Yuri"]
[Result "1-0"]
[WhiteElo "2546"]
[BlackElo "2567"]
[PlyCount "75"]
[EventDate "2008.04.12"]
[EventType "k.o. (blitz)"]
[EventCountry "GER"]

1. d4 Nf6 2. c4 g6 3. Nc3 d5 4. Nf3 Bg7 5. Bf4 O-O 6. e3 c5 7. dxc5 Qa5 8. Rc1
dxc4 9. Bxc4 Nbd7 10. O-O Nxc5 11. a3 Be6 12. Qe2 Nb3 13. Rcd1 Rac8 14. Bxe6
fxe6 15. Be5 Nd5 16. Bxg7 Kxg7 17. Nxd5 exd5 18. Qd3 Qb6 19. Qxd5 Rf6 20. Qe5
Qe6 21. Qxe6 Rxe6 22. Rd7 Nc5 23. Rc1 Nxd7 24. Rxc8 Rb6 25. Rc2 Kf6 26. Kf1 e5
27. Nd2 Ke6 28. Ke2 Nf6 29. b4 Rb5 30. Nb3 b6 31. Rc6+ Kf5 32. f3 g5 33. g4+
Kg6 34. Nd2 Kf7 35. Nc4 Rd5 36. Rc7+ Kg6 37. e4 Rb5 38. Nd6 1-0

[Event "246th Championchallenge"]
[Site "playchess.com "]
[Date "2008.04.12"]
[Round "2.1"]
[White "Van Cappellen, Jonas"]
[Black "Rathnakaran, Kantholi"]
[Result "0-1"]
[WhiteElo "2384"]
[BlackElo "2649"]
[PlyCount "108"]
[EventDate "2008.04.12"]
[EventType "k.o. (blitz)"]
[EventCountry "GER"]

1. e4 e6 2. d4 d5 3. Nc3 Nf6 4. Bg5 Be7 5. e5 Nfd7 6. h4 Bxg5 7. hxg5 Qxg5 8.
Qd3 Nf8 9. Nh3 Qe7 10. Nf4 a6 11. Nh5 f5 12. Qg3 Ng6 13. O-O-O c5 14. Ne2 cxd4
15. Nxd4 Nc6 16. f4 Bd7 17. Qb3 O-O-O 18. Qb6 Nb8 19. Rh3 Bc6 20. Rc3 Rd7 21.
Bxa6 Nxa6 22. Nxc6 bxc6 23. Rxc6+ Nc7 24. Qa7 Qb4 25. Rb6 Qxb6 26. Qxb6 Nh4 27.
Rd3 Re8 28. Rb3 Kd8 29. Rc3 Nxg2 30. a4 d4 31. Rc4 Ne3 32. Rxd4 Ned5 33. Qa7
Ke7 34. Nxg7 Ra8 35. Qc5+ Kf7 36. Nh5 Na6 37. Qc6 Raa7 38. Rd2 Nab4 39. Qc4
Rac7 40. Qe2 Na2+ 41. Kb1 Nac3+ 42. bxc3 Nxc3+ 43. Kc1 Nxe2+ 44. Rxe2 Rc4 45.
Rg2 Rxa4 46. Rg7+ Ke8 47. Nf6+ Kf8 48. Rxd7 Ra1+ 49. Kd2 Ra4 50. Rd8+ Kg7 51.
Rd7+ Kg6 52. Rxh7 Rd4+ 53. Kc1 Rxf4 54. Rh2 Rf1+ 0-1

[Event "246th Championchallenge"]
[Site "playchess.com "]
[Date "2008.04.12"]
[Round "2.2"]
[White "Feoktistov, Alexey A"]
[Black "Deutsch, Eyal"]
[Result "0-1"]
[WhiteElo "2555"]
[BlackElo "2500"]
[PlyCount "62"]
[EventDate "2008.04.12"]
[EventType "k.o. (blitz)"]
[EventCountry "GER"]

1. e4 c6 2. d4 d5 3. Nc3 a6 4. Bf4 g6 5. Be5 f6 6. Bg3 b5 7. Qf3 e6 8. O-O-O
Bd6 9. e5 fxe5 10. dxe5 Be7 11. Ne4 Nd7 12. Nd6+ Bxd6 13. exd6 Ngf6 14. Re1 O-O
15. Rxe6 Ne4 16. Qe2 Ndc5 17. Re7 Nxd6 18. Bh4 Nf5 19. Rg7+ Kxg7 20. Bxd8 Rxd8
21. Qe5+ Kf7 22. Nf3 Ne4 23. Bd3 Nxf2 24. Ng5+ Kg8 25. Bxf5 Bxf5 26. Qe7 Rd7
27. Qe1 Nxh1 28. Qxh1 Re8 29. b3 Re2 30. Qd1 Rxc2+ 31. Kb1 Rd2+ 0-1

[Event "246th Championchallenge"]
[Site "playchess.com "]
[Date "2008.04.12"]
[Round "2.2"]
[White "Vovk, Yuri"]
[Black "Milanovic, Danilo"]
[Result "1-0"]
[WhiteElo "2567"]
[BlackElo "2600"]
[PlyCount "119"]
[EventDate "2008.04.12"]
[EventType "k.o. (blitz)"]
[EventCountry "GER"]

1. e4 d5 2. Nc3 dxe4 3. Nxe4 Bf5 4. Qf3 Bxe4 5. Qxe4 c6 6. Nf3 Nf6 7. Qh4 e6 8.
b3 Be7 9. Bb2 a5 10. Qg3 O-O 11. Bd3 a4 12. O-O Nbd7 13. Qh3 h6 14. Rfe1 Nd5
15. Qg4 Bf6 16. Qe4 g6 17. Bxf6 Qxf6 18. Rab1 Nc5 19. Qc4 Nxd3 20. Qxd3 Rfd8
21. Qe4 axb3 22. axb3 Ra2 23. b4 Qf5 24. Qh4 Qf6 25. Qxh6 Rxc2 26. Re4 Ne7 27.
h4 Rd5 28. Qe3 Ra2 29. Qb6 Qf5 30. Rbe1 Rd7 31. Re5 Qf6 32. h5 Nd5 33. Qc5 Nf4
34. hxg6 Nxg6 35. Rh5 Ra1 36. Rxa1 Qxa1+ 37. Kh2 Qf6 38. Qa7 Kg7 39. Qa8 Qd8
40. Qa1+ Kg8 41. Qc3 Rd5 42. Rh3 e5 43. Qe3 Qf6 44. Qh6 e4 45. Qh7+ Kf8 46.
Qh6+ Kg8 47. Ng1 Qxf2 48. Qh7+ Kf8 49. Qh6+ Kg8 50. Qe3 Qxe3 51. dxe3 f5 52.
Ne2 Kf7 53. Rh7+ Kf6 54. Rxb7 Rd2 55. Ng3 Ne5 56. Nh5+ Kg5 57. Nf4 Ng4+ 58. Kg3
Rb2 59. Nh3+ Kf6 60. Kf4 1-0

[Event "246th Championchallenge"]
[Site "playchess.com "]
[Date "2008.04.12"]
[Round "2.2"]
[White "Rathnakaran, Kantholi"]
[Black "Van Cappellen, Jonas"]
[Result "1-0"]
[WhiteElo "2420"]
[BlackElo "2378"]
[PlyCount "59"]
[EventDate "2008.04.12"]
[EventType "k.o. (blitz)"]
[EventCountry "GER"]

1. e4 c5 2. Nf3 d6 3. Bb5+ Nc6 4. O-O Bd7 5. Re1 a6 6. Bf1 Bg4 7. h3 Bxf3 8.
Qxf3 e5 9. Nc3 Nf6 10. d3 g6 11. Bg5 Be7 12. Bh6 Nd4 13. Qd1 Bf8 14. Bg5 h6 15.
Bxf6 Qxf6 16. Nd5 Qd8 17. c3 Ne6 18. a4 Bg7 19. Qb3 Rb8 20. a5 O-O 21. Re3 f5
22. exf5 gxf5 23. d4 cxd4 24. Rg3 Kh7 25. Re1 Nc5 26. Qd1 Ne4 27. Rxe4 fxe4 28.
Qg4 Rg8 29. Qxe4+ Kh8 30. Bd3 1-0

[Event "246th Championchallenge"]
[Site "playchess.com "]
[Date "2008.04.12"]
[Round "2.3"]
[White "Milanovic, Danilo"]
[Black "Vovk, Yuri"]
[Result "0-1"]
[WhiteElo "2546"]
[BlackElo "2567"]
[PlyCount "136"]
[EventDate "2008.04.12"]
[EventType "k.o. (blitz)"]
[EventCountry "GER"]

1. Nf3 Nf6 2. b3 g6 3. Bb2 Bg7 4. g3 O-O 5. Bg2 d5 6. O-O c5 7. e3 Nc6 8. c4
Bf5 9. Na3 Bd3 10. Re1 Ne4 11. Bxg7 Kxg7 12. Qc1 e6 13. Qb2+ Kg8 14. Rac1 f6
15. Nb5 a6 16. Nc3 b5 17. cxd5 exd5 18. a3 Qd6 19. Red1 b4 20. axb4 Nxb4 21.
Ne1 Rab8 22. Qa3 f5 23. f3 Nf6 24. Nxd3 Nxd3 25. Ra1 d4 26. Ne2 Nb4 27. Qb2
Rfe8 28. Nf4 g5 29. Nh3 h6 30. Nf2 f4 31. gxf4 gxf4 32. e4 Nd7 33. Kh1 Ne5 34.
d3 Rb7 35. Qe2 Rg7 36. Bh3 Kh8 37. Rg1 Reg8 38. Rxg7 Rxg7 39. Bf5 Qf6 40. Ng4
Qd6 41. Nxe5 Qxe5 42. Rc1 Rg5 43. Qf1 Kg7 44. Ra1 Kf8 45. Ra5 Rg7 46. Qc1 Nxd3
47. Qd2 Qc7 48. Rxa6 c4 49. Rf6+ Rf7 50. Rxf7+ Kxf7 51. bxc4 Qxc4 52. Kg2 Kf6
53. Kh3 Qc3 54. Qg2 Ne5 55. Qg8 Qxf3+ 56. Kh4 Qf2+ 57. Kh3 Qf1+ 58. Kh4 Qe1+
59. Kh3 Qe3+ 60. Kh4 Nf3+ 61. Kh5 Ke7 62. Qg7+ Kd6 63. Qd7+ Kc5 64. Qc7+ Kb4
65. Qg7 Kc3 66. Kg6 Ne5+ 67. Kh7 Nf7 68. Qf6 Qxe4 0-1

[Event "245th Championchallenge"]
[Site "playchess.com "]
[Date "2008.04.05"]
[Round "1.1"]
[White "Postny, Evgeny"]
[Black "Hoffman, Thomas"]
[Result "1-0"]
[WhiteElo "2650"]
[BlackElo "2073"]
[PlyCount "63"]
[EventDate "2008.04.05"]
[EventType "k.o. (blitz)"]
[EventCountry "GER"]

1. e4 c5 2. Nf3 a6 3. c3 d5 4. exd5 Qxd5 5. d4 Nf6 6. c4 Qd8 7. Nc3 e6 8. Be2
cxd4 9. Nxd4 Bc5 10. Nb3 Qxd1+ 11. Bxd1 Be7 12. Bf3 Nc6 13. Bf4 Bd7 14. O-O-O
O-O-O 15. Na4 b5 16. Nb6+ Kb7 17. Nxd7 Rxd7 18. Rxd7+ Nxd7 19. Na5+ Kb6 20.
Nxc6 Rc8 21. Nxe7 Rxc4+ 22. Kb1 Rxf4 23. Rc1 Nc5 24. Nc8+ Ka5 25. Rxc5 Rd4 26.
Rc7 Rd2 27. a3 Rxf2 28. Rxf7 e5 29. Ra7 b4 30. Rb7 bxa3 31. b4+ Ka4 32. Bd1+
1-0

[Event "245th Championchallenge"]
[Site "playchess.com "]
[Date "2008.04.05"]
[Round "1.1"]
[White "Jegorovas, Aleksandras"]
[Black "Livaja, B Mario"]
[Result "0-1"]
[WhiteElo "2300"]
[BlackElo "2362"]
[PlyCount "70"]
[EventDate "2008.04.05"]
[EventType "k.o. (blitz)"]
[EventCountry "GER"]

1. d4 Nf6 2. c4 c5 3. d5 b5 4. Nf3 d6 5. Qc2 g6 6. e4 Bg7 7. Nbd2 O-O 8. cxb5
a6 9. b6 Qxb6 10. Nc4 Qd8 11. Bd3 Bd7 12. O-O Bb5 13. h3 Bxc4 14. Bxc4 Nbd7 15.
Bf4 Ne8 16. Rfe1 f6 17. g4 Nc7 18. Bg3 Nb5 19. Qd3 Ne5 20. Bxe5 fxe5 21. a4 Nd4
22. Nxd4 exd4 23. Bxa6 Qa5 24. Bc4 Rf4 25. b3 Raf8 26. Qg3 Rf3 27. Qg2 d3 28.
e5 Kh8 29. exd6 exd6 30. Re8 Rxe8 31. Qxf3 Bxa1 32. Qf7 Qe1+ 33. Kg2 d2 34. Bb5
Qe4+ 35. Kh2 Be5+ 0-1

[Event "245th Championchallenge"]
[Site "playchess.com "]
[Date "2008.04.05"]
[Round "1.1"]
[White "Vocaturo, Daniele"]
[Black "Chkhaidze, Nikoloz"]
[Result "1-0"]
[WhiteElo "2450"]
[BlackElo "2340"]
[PlyCount "77"]
[EventDate "2008.04.05"]
[EventType "k.o. (blitz)"]
[EventCountry "GER"]

1. e4 c6 2. d4 d5 3. Nc3 dxe4 4. Nxe4 Bf5 5. Ng3 Bg6 6. Nf3 Nd7 7. h4 h6 8. h5
Bh7 9. Bd3 Bxd3 10. Qxd3 e6 11. Bd2 Ngf6 12. O-O-O Qc7 13. Ne4 Nxe4 14. Qxe4
Nf6 15. Qe2 Bd6 16. c4 Bf4 17. g3 Bxd2+ 18. Rxd2 b5 19. Ne5 Nd7 20. Rhd1 O-O
21. Kb1 bxc4 22. Nxc4 Rfd8 23. Rc2 c5 24. Ne3 Qb6 25. d5 Nf8 26. Nc4 Qb5 27. d6
a5 28. Qf3 Nd7 29. Rdc1 Rab8 30. g4 Nb6 31. Ne5 Qe8 32. Nc6 Rxd6 33. Nxb8 Qxb8
34. Rxc5 Rd2 35. Qb3 Kh7 36. Rc6 Rd6 37. Qc2+ Kg8 38. Rxd6 Qxd6 39. Rd1 1-0

[Event "245th Championchallenge"]
[Site "playchess.com "]
[Date "2008.04.05"]
[Round "1.1"]
[White "Novoselski, Zoran"]
[Black "Vikramaditya, Sahu"]
[Result "1-0"]
[WhiteElo "2515"]
[BlackElo "2415"]
[PlyCount "67"]
[EventDate "2008.04.05"]
[EventType "k.o. (blitz)"]
[EventCountry "GER"]

1. e4 d5 2. exd5 Qxd5 3. Nc3 Qd6 4. d4 Nf6 5. Nf3 Bg4 6. Bc4 e6 7. O-O Be7 8.
Bb3 O-O 9. Be3 Nc6 10. h3 Bxf3 11. Qxf3 Nxd4 12. Bxd4 Qxd4 13. Qxb7 Bd6 14. Qf3
Qe5 15. g3 Rab8 16. Rfe1 Qc5 17. Rad1 Rb4 18. a3 Rd4 19. Na4 Rxd1 20. Rxd1 Qe5
21. Nc3 h5 22. Kf1 h4 23. gxh4 Rb8 24. Re1 Qh2 25. Ne4 Nxe4 26. Rxe4 Rb5 27.
Rg4 Qe5 28. a4 Rb8 29. h5 Qxb2 30. h6 Qc1+ 31. Kg2 Qxh6 32. Bc4 Be5 33. Bd3 Rb1
34. Qa8+ 1-0

[Event "245th Championchallenge"]
[Site "playchess.com "]
[Date "2008.04.05"]
[Round "1.1"]
[White "Vovk, Yuri"]
[Black "Vladescu, Florin"]
[Result "1-0"]
[WhiteElo "2567"]
[BlackElo "2218"]
[PlyCount "119"]
[EventDate "2008.04.05"]
[EventType "k.o. (blitz)"]
[EventCountry "GER"]

1. e4 c5 2. Nf3 Nc6 3. d4 cxd4 4. Nxd4 Nf6 5. Nc3 e5 6. Ndb5 d6 7. Bg5 a6 8.
Na3 b5 9. Nd5 Be7 10. Bxf6 Bxf6 11. c3 Bg5 12. Nc2 O-O 13. a4 bxa4 14. Rxa4 a5
15. Bc4 Rb8 16. b3 Kh8 17. Nce3 Bxe3 18. Nxe3 Ne7 19. Ra2 Be6 20. Rd2 Bxc4 21.
Nxc4 Qc7 22. Ra2 Qb7 23. Nxd6 Qxb3 24. Qxb3 Rxb3 25. Kd2 Rb6 26. Nc4 Rb5 27.
Rxa5 Rxa5 28. Nxa5 Ra8 29. Nc4 Ra2+ 30. Ke3 f6 31. Rd1 h5 32. Nd6 Rc2 33. Rd3
Ng6 34. g3 Nf8 35. Nb5 Ne6 36. Rd2 Rc1 37. f3 Re1+ 38. Re2 Rd1 39. Rc2 Re1+ 40.
Kf2 Rh1 41. Kg2 Rb1 42. Nd6 Nc5 43. f4 Nd3 44. Rd2 Ne1+ 45. Kf2 exf4 46. gxf4
Kg8 47. c4 Rc1 48. e5 fxe5 49. fxe5 Kf8 50. e6 Ke7 51. Nf5+ Kxe6 52. Nxg7+ Ke5
53. Nxh5 Nc2 54. Rd5+ Ke6 55. Nf4+ Ke7 56. c5 Nb4 57. Rg5 Rc4 58. Kg3 Rc3+ 59.
Kg4 Nd3 60. Nd5+ 1-0

[Event "245th Championchallenge"]
[Site "playchess.com "]
[Date "2008.04.05"]
[Round "1.1"]
[White "Rathnakaran, Kantholi"]
[Black "Essing, Arnold"]
[Result "1-0"]
[WhiteElo "2612"]
[BlackElo "2261"]
[PlyCount "105"]
[EventDate "2008.04.05"]
[EventType "k.o. (blitz)"]
[EventCountry "GER"]

1. e4 Nf6 2. e5 Nd5 3. Nf3 d6 4. d4 g6 5. Bc4 Nb6 6. Bb3 Bg7 7. O-O O-O 8. exd6
cxd6 9. Bg5 h6 10. Bf4 Nc6 11. c3 e5 12. Bg3 e4 13. Nfd2 d5 14. a4 a5 15. Na3
f5 16. f4 Be6 17. Nb5 Nc4 18. Nxc4 dxc4 19. Ba2 Na7 20. Na3 Rc8 21. Bf2 Bd5 22.
Be3 Kh7 23. Rc1 Qd7 24. Rf2 Rfd8 25. g3 b5 26. axb5 Nxb5 27. Qa4 Nxa3 28. Qxa3
Qb5 29. Qe7 Rd7 30. Qh4 Rb8 31. g4 Qc6 32. gxf5 gxf5 33. Rg2 Qe6 34. Kh1 Rbb7
35. Rcg1 Bf6 36. Qh5 Rg7 37. Rg6 Kg8 38. Qxh6 Rbf7 39. Bb1 Qe7 40. Bc2 Bh4 41.
Rxg7+ Rxg7 42. Rxg7+ Qxg7 43. Qxh4 Qb7 44. Qg5+ Kh8 45. Qh5+ Kg8 46. Qe8+ Kh7
47. Qh5+ Kg8 48. Qxf5 Bf7 49. Bxe4 Qxb2 50. d5 Qxc3 51. Qh7+ Kf8 52. Bc5+ Ke8
53. Qf5 1-0

[Event "245th Championchallenge"]
[Site "playchess.com "]
[Date "2008.04.05"]
[Round "1.1"]
[White "Raceanu, Valentin"]
[Black "Kantans, Toms"]
[Result "0-1"]
[WhiteElo "2428"]
[BlackElo "2155"]
[PlyCount "100"]
[EventDate "2008.04.05"]
[EventType "k.o. (blitz)"]
[EventCountry "GER"]

1. d4 e6 2. c4 b6 3. Nf3 Bb7 4. Nc3 f5 5. g3 Nf6 6. Bg2 Bb4 7. O-O Bxc3 8. bxc3
O-O 9. Ba3 d6 10. c5 Ne4 11. cxd6 cxd6 12. c4 Re8 13. Rc1 d5 14. cxd5 Bxd5 15.
Ne5 Nd7 16. Nc6 Qf6 17. f3 Ng5 18. Qd3 Nf7 19. e4 Bxc6 20. Rxc6 f4 21. Qd2 fxg3
22. hxg3 Rad8 23. Qe3 Nb8 24. e5 Qg6 25. Rc7 Qxg3 26. Bb2 Ng5 27. Re1 Nh3+ 28.
Kf1 Nf4 29. Rc2 Rc8 30. Qf2 Qxf2+ 31. Rxf2 Nd3 32. Rfe2 Nxe1 33. Kxe1 Nc6 34.
f4 Nb4 35. Kf2 Nd3+ 36. Kg3 Nxb2 37. Rxb2 Rc3+ 38. Kg4 Kf7 39. a4 Ra3 40. d5
exd5 41. Bxd5+ Ke7 42. Rc2 Rd8 43. Bc6 Rd4 44. Kg5 Rg3+ 45. Kh4 Rg1 46. Rf2 g5+
47. Kh5 Rxf4 48. Rh2 Ke6 49. Kh6 Rh4+ 50. Rxh4 gxh4 0-1

[Event "245th Championchallenge"]
[Site "playchess.com "]
[Date "2008.04.05"]
[Round "1.2"]
[White "Hoffman, Thomas"]
[Black "Postny, Evgeny"]
[Result "1-0"]
[WhiteElo "2073"]
[BlackElo "2650"]
[PlyCount "27"]
[EventDate "2008.04.05"]
[EventType "k.o. (blitz)"]
[EventCountry "GER"]

1. e4 c5 2. Nf3 d6 3. c4 g6 4. Nc3 Bg7 5. d4 Bg4 6. Be3 Bxf3 7. gxf3 cxd4 8.
Bxd4 Nf6 9. Bh3 Nc6 10. Nd5 Nxd4 11. Qxd4 Nxd5 12. Qxg7 Qa5+ 13. Kf1 Nf4 14.
Qxh8# 1-0

[Event "245th Championchallenge"]
[Site "playchess.com "]
[Date "2008.04.05"]
[Round "1.2"]
[White "Livaja, B Mario"]
[Black "Jegorovas, Aleksandras"]
[Result "0-1"]
[WhiteElo "2391"]
[BlackElo "2300"]
[PlyCount "54"]
[EventDate "2008.04.05"]
[EventType "k.o. (blitz)"]
[EventCountry "GER"]

1. d4 d6 2. c4 Nf6 3. Nc3 Nc6 4. Nf3 e5 5. dxe5 Nxe5 6. Nxe5 dxe5 7. Qxd8+ Kxd8
8. Bg5 c6 9. e3 Be6 10. Be2 Bb4 11. Rc1 Kc7 12. Bxf6 gxf6 13. O-O Rad8 14. a3
Bxc3 15. Rxc3 Rd2 16. Bf3 Rxb2 17. c5 Rd8 18. h4 Rdd2 19. h5 h6 20. g4 Bb3 21.
Kg2 Ba4 22. Kg3 Bb5 23. Rd1 Rxf2 24. Rd6 Rf1 25. Rxf6 Rg1+ 26. Kh3 Bf1+ 27. Kh4
Rh2# 0-1

[Event "245th Championchallenge"]
[Site "playchess.com "]
[Date "2008.04.05"]
[Round "1.3"]
[White "Postny, Evgeny"]
[Black "Hoffman, Thomas"]
[Result "1-0"]
[WhiteElo "2650"]
[BlackElo "2107"]
[PlyCount "67"]
[EventDate "2008.04.05"]
[EventType "k.o. (blitz)"]
[EventCountry "GER"]

1. e4 c5 2. Nf3 a6 3. c3 d5 4. exd5 Qxd5 5. d4 Nc6 6. Be2 Nf6 7. c4 Qd8 8. d5
Nb8 9. Nc3 e6 10. Bg5 Be7 11. Qd2 h6 12. Bh4 exd5 13. cxd5 O-O 14. O-O-O Re8
15. d6 Bf8 16. Nd5 Nbd7 17. Nc7 Rb8 18. Nxe8 Qxe8 19. Rhe1 Qd8 20. Bc4 b5 21.
Bd5 Qb6 22. Re7 Bxe7 23. dxe7 Bb7 24. Bxb7 Qxb7 25. Bxf6 Nxf6 26. Qd8+ Kh7 27.
Re1 c4 28. Ne5 c3 29. bxc3 Rc8 30. Nxf7 Rxc3+ 31. Kb2 Qc6 32. Qh8+ Kg6 33. Ne5+
Kf5 34. Nxc6 1-0